| 000 | 00499nam a22001817a 4500 | ||
|---|---|---|---|
| 003 | OSt | ||
| 005 | 20150520180335.0 | ||
| 008 | 150520b xxu||||| |||| 00| 0 eng d | ||
| 020 | _a0750640472 | ||
| 040 | _cDLC | ||
| 082 | _aWW 150 B53d 1993 | ||
| 100 |
_aBirch Jennifer _94764 |
||
| 245 |
_aDiagnosis of Defective Colour Vision / _cJennifer Birch |
||
| 260 |
_aOxford : _bButterworth Heinemann; _c1993 |
||
| 300 |
_aviii, 187 p : _bill, _c27 cm |
||
| 650 |
_aColour vision _94765 |
||
| 942 |
_2z _cSLOAN |
||
| 999 |
_c1810 _d1810 |
||